01130nam a2200193Ia 4500001001100000003001000011008004100021040002500062041001400087100001900101245003800120250001200158260006300170300001200233500026600245501011400511520026600625650004500891L808-31059IT-CnALBA170116s9999||||xx |||||||||||||| ||und|| aIT-CnALBAcIT-CnALBA aFRANCESE  aLAGERLOF SELMA 0aLES LIENS INVISIBLES. NOUVELLES.  a22a ed. a PARIS.bPERRIN LIBRAIRIE ACADEMIQUE c1920 [1° Ed.:1916] a346 p.  aTRADUZIONE DALLO SVEDESE IN FRANCESE DI ANDRÈ BELLESSORT, NOBEL 1909. LEGGENDE E FANTASIE: ASTRID. SIGFRID. LA PRINCIPESSA DELLA PACE. I PROSCRITTI. A NAZARETH. IL NIDO DELLE PASTORELLE. LA VISIONE DELL'IMPERATORE. GESÙ E SAN PIETRO. REALTÀ: IL TESORO DEL aSocietà San Paolo EM - Piazza San Paolo, 14 - 12051 ALBA (CN) (non commercial uses only) ® Copyright 2017 aTRADUZIONE DALLO SVEDESE IN FRANCESE DI ANDRÈ BELLESSORT, NOBEL 1909. LEGGENDE E FANTASIE: ASTRID. SIGFRID. LA PRINCIPESSA DELLA PACE. I PROSCRITTI. A NAZARETH. IL NIDO DELLE PASTORELLE. LA VISIONE DELL'IMPERATORE. GESÙ E SAN PIETRO. REALTÀ: IL TESORO DEL aNARRATIVA DI VARIE LETTERATURE - ROMANZI